Yes, but does it work? (Record no. 72990)

MARC details
000 -LEADER
fixed length control field 01440cam a2200229 4500
001 - CONTROL NUMBER
control field ABS66795
008 - FIXED-LENGTH DATA ELEMENTS--GENERAL INFORMATION
fixed length control field 030702n2003 000 0 eng u
035 ## - SYSTEM CONTROL NUMBER
System control number (Sirsi) u122903
100 ## - MAIN ENTRY--PERSONAL NAME
Personal name Fletcher, J.
245 ## - TITLE STATEMENT
Title Yes, but does it work?
260 ## - PUBLICATION, DISTRIBUTION, ETC.
Date of publication, distribution, etc. 2003
490 ## - SERIES STATEMENT
Series statement Estates Gazette
Volume/sequential designation (0326) 28 June 2003, 166-167(2)
520 ## - SUMMARY, ETC.
Summary, etc. Examines the property industry's attitude to sustainability and questions whether sustainable businesses can be profitable. Argues that the property profession will have to adapt to sustainability eventually and offers two scenarios; businesses will either wait until they are forced to adopt more sustainable practices or a few companies such as housebuilder Wilson Connelly will start incorporating sustainable development into business decisions to stay ahead of competitors. Discusses corporate social responsibility and the FTSE4Good Index which have started to change business attitudes towards sustainability. However, concludes that practitioners need information about obvious connections between sustainability and business and explains how the RICS Foundation's 'think pieces' on sustainability aim to do this. Websites.
590 ## - LOCAL NOTE (RLIN)
Local note ABS
650 ## - SUBJECT ADDED ENTRY--TOPICAL TERM
Topical term or geographic name entry element Sustainability
9 (RLIN) 6271
650 ## - SUBJECT ADDED ENTRY--TOPICAL TERM
Topical term or geographic name entry element PROPERTY INDUSTRY
650 ## - SUBJECT ADDED ENTRY--TOPICAL TERM
Topical term or geographic name entry element SUSTAINABLE DEVELOPMENT
650 ## - SUBJECT ADDED ENTRY--TOPICAL TERM
Topical term or geographic name entry element CORPORATE SOCIAL RESPONSIBILITY
650 ## - SUBJECT ADDED ENTRY--TOPICAL TERM
Topical term or geographic name entry element ENVIRONMENTAL REPORTING
690 ## - LOCAL SUBJECT ADDED ENTRY--TOPICAL TERM (OCLC, RLIN)
Topical term or geographic name as entry element DEVELOPMENT-SUSTAINABLE
942 ## - ADDED ENTRY ELEMENTS (KOHA)
Suppress in OPAC 0
Holdings
Withdrawn status Lost status Source of classification or shelving scheme Damaged status Not for loan Home library Current library Shelving location Date acquired Total Checkouts Full call number Barcode Date last seen Copy number Price effective from Koha item type
    Dewey Decimal Classification     London London Journal article 02/07/2003   ABS66795 122903-1001 06/08/2019 1 06/08/2019 Journal article